Statistics for Your New Boyfriend WilburSoot Lyrics

Click here to take the quiz!

General Stats

  • This quiz has been taken 1,126 times
  • The average score is 258 of 358

Answer Stats

LYRICS% Correct
i
98%
a
97%
an
94%
be
94%
he
94%
you
94%
and
92%
i'm
92%
in
92%
no
92%
on
92%
the
92%
though
92%
to
92%
who
92%
your
92%
it
91%
when
91%
of
90%
was
90%
life
89%
me
89%
her
88%
i'd
88%
kid
88%
not
88%
thought
88%
what
88%
he's
87%
older
87%
bed
86%
chat
86%
got
86%
isn't
86%
marry
86%
doormat
85%
new
85%
off
85%
quite
85%
told
85%
twitch
85%
just
84%
key
84%
office
84%
work
84%
best
83%
can
83%
honest
83%
i've
83%
now
83%
so
83%
26
82%
him
82%
i'll
82%
nine
82%
skills
82%
bills
81%
get
81%
make
81%
social
81%
pay
80%
mean
79%
she
79%
voip
79%
boyfriend's
78%
can't
78%
doesn't
78%
even
78%
if
78%
'til
78%
could
77%
change
76%
single
76%
thing
76%
quick
75%
bloody
74%
moves
74%
that
74%
most
73%
pretty
73%
but
71%
arsehole
68%
cause
68%
anyway
67%
as
65%
Jared
65%
from
64%
one
63%
five's
61%
away
60%
met
60%
course
57%
yeah
57%
gay
56%
took
56%
we
53%
dream
52%
his
52%
living
52%
about
51%
know
51%
like
51%
nude
51%
hit
50%
she's
50%
telling
50%
instantly
49%
oh
49%
stop
49%
17
48%
jawline
48%
looks
48%
seen
48%
shoulders
48%
muscles
47%
were
47%
won't
47%
back
46%
fashion
46%
sense
44%
against
43%
how
41%
disney
39%
think
39%
earth
38%
insane
37%
saved
37%
world
37%
23
36%
click
36%
deserve
33%
little
33%
bit
32%
allowed
31%
earned
31%
scene
30%
another
29%
gonna
28%
made
28%
every
26%
my
26%
well
26%
are
25%
pushed
25%
beauty
24%
day
24%
grace
24%
means
24%
wasn't
24%
you're
24%
fine
23%
want
23%
hell
22%
hair
21%
alot
20%
calls
20%
maybe
20%
place
20%
smell
20%
telephone
19%
favorite
18%
care
17%
notice
17%
order
16%
restraining
16%
please
15%

Score Distribution

Percentile by Number Answered

Percent of People with Each Score

Your Score History

You have not taken this quiz